logo

Bir Sreshtho Munshi Abdur Rouf Library
Jhenaidah Cadet College

The art of war in the Middle Ages / (Record no. 4800)

MARC details
000 -LEADER
fixed length control field 00552nam a2200217 a 4500
001 - CONTROL NUMBER
JCCL Control Number 4800
003 - CONTROL NUMBER IDENTIFIER
JCCL marc code BD-JhCC
005 - DATE AND TIME OF LATEST TRANSACTION
control field 20171209113939.0
008 - FIXED-LENGTH DATA ELEMENTS--GENERAL INFORMATION
fixed length control field 171203s1885 e |||| ||a| 000 0 eng d
035 ## - SYSTEM CONTROL NUMBER
system control number (BD-JhCC) 4800
040 ## - CATALOGING SOURCE
Original cataloging agency BD-JhCC
Modifying agency BD-JhCC
041 ## - LANGUAGE CODE
Language code of Book eng
082 ## - DEWEY DECIMAL CLASSIFICATION NUMBER
Classification number 355.02
Author mark and Year OMA 1985
100 ## - MAIN ENTRY--PERSONAL NAME
Personal name Oman, C.W.C
245 ## - TITLE STATEMENT
Title The art of war in the Middle Ages /
Statement of responsibility, etc C.W.C Oman
260 ## - PUBLICATION, DISTRIBUTION, ETC. (IMPRINT)
Place of publication, distribution, etc Newwork :
Name of publisher, distributor, etc Cornell University Press ,
Date of publication, distribution, etc 1953
300 ## - PHYSICAL DESCRIPTION
Pagination 176 p .:
Dimensions 18 cm .
650 ## - SUBJECT ADDED ENTRY--TOPICAL TERM
Topical term or geographic name as entry element Military art
942 ## - ADDED ENTRY ELEMENTS (KOHA)
Source of classification or shelving scheme Dewey Decimal Classification
Koha item type Books
Holdings
Source of classification or shelving scheme Damaged status Not for loan Home library Current library Shelving location Date of accession Total Checkouts Full call number Barcode Date last seen Copy number Koha item type
Dewey Decimal Classification     JCC Rouf Library JCC Rouf Library General Stacks 12/03/2017   355.02 OMA 1985 6741 12/03/2017 C-1 Books

JCC Library | Contacts | JCC Home

Last Update on 23 September 2017
Copyright @ 2017-2020 JCC Rouf Library
Rouf Library, Jhenidah Cadet College (JCC), Bangladesh